| 000 | 00602nam a2200169 a 4500 | ||
|---|---|---|---|
| 005 | 20140412111330.0 | ||
| 008 | 030206s19uu xx 00 eng d | ||
| 020 | _a0-7489-7655-8 | ||
| 050 |
_aER _bMY 2001 |
||
| 245 |
_aMy animal kingdom : _ball about pandas, 3. |
||
| 260 |
_aRichmond Road, London : _bDeAgostini UK Limited, _c2001. |
||
| 300 | _a28 p. ; ill. | ||
| 520 | _aDiscover the world of nature with cuddly new friends. Meet Pandora and Paw Paw in 'All About Pandas' - a fun and fact. | ||
| 650 | _aPandas--Juvenile literature | ||
| 650 | _aAnimals--Juvenile literature | ||
| 999 |
_c104890 _d104890 |
||